Зоряний пил (Запис № 17761)

000 -Маркер запису
Контрольне поле сталої довжини 01540nam a22002537a 4500
003 - Належність контрольного номера
Контрольне поле Uzh_bibl
008 - Кодовані дані
Контрольне поле сталої довжини 260514b |||||||| |||| 00| 0 ukr d
020 ## - Індекс ISBN
ISBN 978-617-7498-01-7
Ціна 128.70
040 ## - Джерело каталогіз.
Код мови каталог. укр.
041 ## - Код мови видання
Код мови оригіналу англійська
Код мови тексту українська
080 ## - Індекс УДК
Індекс УДК 821(410)
090 ## - Шифри
Поличний індекс 821(410)
Авторський знак Ґ 29
100 ## - Автор
Автор Ґейман,Ніл
245 ## - Назва
Назва Зоряний пил
Відповідальність пер.з англ.Д.Кушніра
Фізичний носій Текст
260 ## - Вихідні дані
Місце видання Київ
Видавництво Видавнича група КМ-БУКС
Дата видання 2018
300 ## - Фізичний опис
Обсяг 240 с.
Тип одиниці В опр.
520 ## - Анотація
Анотація Трістран пообіцяв принести зірку, що впала з неба. Він вирушає у подорож, щоб здійснити бажання коханої, прекрасної Вікторії Форестер - і опиняється у зачарованому світі, що лежить за муром простого англійського селища. "Зоряний пил" - безмір пригод і магії, прекрасна казка майстра художнього слова Ніла Ґеймана, що полюбилася багатьом читачам. За мотивами книжки відзнято легендарну кінострічку.
521 ## - Примітка про цільове призначення
Примітка про цільове призначення Для широкого кола читачів
546 ## - Примітка про мову
Примітка про мову укр.
650 ## - Тематичні рубрики
Основна рубрика Літературно-художнє видання
653 ## - Ключові слова
Ключові слова Зірка
-- Обіцянка
-- Подорож
655 ## - Термін індексування — жанр/форма
Жанр/форма Фентезі
Типове ділення роман
942 ## - ADDED ENTRY ELEMENTS (KOHA)
Джерело класифікації чи схема поличного розташування
Koha item type Книги
Фонди
Статус вилучення Статус втрати/відсутності Джерело класифікації чи схема поличного розташування Статус пошкодження Тип обігу (не для випозичання) Постійне розташування Поточне розташування Розташування у відділі Дата надходження Інвентарний номер Total Checkouts Повний (примірниковий) шифр зберігання Штрих-код Date last seen Дата, для якої чинна ціна заміни Тип одиниці (рівень примірника)
          Бібліотека-філія №3 Бібліотека-філія №3 Абонемент старший відділ 14/05/2026 70784   821(410) 4222 14/05/2026 14/05/2026 Книги

Працює на АБІС Коха